| Tag |
First Indicator |
Second Indicator |
Subfields |
| LEADER |
00000cam a2200000 i 4500 |
| 001 |
in00000096757 |
| 005 |
20150925090334.0 |
| 008 |
780921s1961 nmua 00010 eng d |
| 010 |
|
|
|a gs 62000172
|
| 035 |
|
|
|a (OCoLC)04243638
|
| 035 |
|
|
|9 AAL2470AM
|
| 040 |
|
|
|a TXU
|c TXU
|d TXA
|d UtOrBLW
|
| 049 |
|
|
|a TXAM
|c [435402]
|
| 090 |
|
|
|a TN24.N6
|b A235 no. 57
|
| 100 |
1 |
|
|a Foster, Roy W.
|
| 245 |
1 |
0 |
|a Preliminary geologic and relief map of the Precambrian rocks of New Mexico /
|c by Roy W. Foster and Thomas F. Stipp.
|
| 264 |
|
1 |
|a Socorro :
|b State Bureau of Mines & Mineral Resources, New Mexico Institute of Mining & Technology,
|c 1961.
|
| 300 |
|
|
|a 37 pages :
|b illustrations ;
|c 28 cm.
|
| 336 |
|
|
|a text
|b txt
|2 rdacontent
|
| 337 |
|
|
|a unmediated
|b n
|2 rdamedia
|
| 338 |
|
|
|a volume
|b nc
|2 rdacarrier
|
| 490 |
1 |
|
|a New Mexico. Bureau of Mines and Mineral Resources. Circular ;
|v 57
|
| 650 |
|
0 |
|a Geology
|z New Mexico
|x Maps.
|
| 650 |
|
0 |
|a Geology, Stratigraphic
|y Precambrian.
|
| 650 |
|
0 |
|a Petrology
|z New Mexico.
|
| 650 |
|
0 |
|a Borings
|z New Mexico.
|
| 700 |
1 |
|
|a Stipp, Thomas F.
|
| 830 |
|
0 |
|a Circular (New Mexico. Bureau of Mines and Mineral Resources) ;
|v 57.
|
| 999 |
|
|
|a MARS
|
| 999 |
f |
f |
|s 8df04b85-99da-37bb-9a4e-e49b179a325c
|i 2d56a2e2-cbb4-3cfd-8077-bf39f7e67f3b
|t 0
|
| 952 |
f |
f |
|p ric
|a Texas A&M University
|b Rellis Campus
|c Joint Library Facility
|d Remote Storage
|t 0
|e TN24.N6 A235 no.57
|h Library of Congress classification
|i unmediated -- volume
|m A14805566862
|
| 998 |
f |
f |
|a TN24.N6 A235 no.57
|t 0
|l Remote Storage
|